Statistieken voor Grootste Eilanden van Griekenland

Klik hier om de quiz te nemen!

Algemene statistieken

  • Deze quiz is 645 keer genomen
  • De gemiddelde score is 5 van 16

Antwoorden op de kaart

Antwoorden kleurgecodeerd door een groen-rode schaal op de quizkaart volgens % correct hieronder.
 

Antwoordstatistieken

km 2Eiland% Correct
8.336Kreta
95%
1.401Rhodos
68%
290Kos
59%
1.633Lesvos
56%
593Corfu
44%
406Zakynthos
39%
478Samos
29%
430Naxos
23%
781Kefalonia
19%
842Chios
18%
3.670Evia
16%
300Karpathos
16%
478Limnos
16%
380Andros
14%
303Lefkas
14%
380Thassos
14%

Scoreverdeling

Percentiel versus Aantal Correcte Antwoorden

Procent van Mensen met Elke Score

Uw Scoregeschiedenis

U heeft deze quiz nog niet genomen